000 00736nam a2200241 a 4500
001 BRCA_7763
005 20190320210000.0
008 300913s1956----enka######---#000-0#eng-#
041 _aeng
044 _aenk
050 4 _aND635
_b.F75 1956
100 1 _aFriedländer, Max J.
_97466
245 1 0 _aFrom van Eyck to Bruegel
_cMax J. Friedländer.
260 _aLondres
_bPhaidon
_c1956
300 _avii, 425 p.
_bil. (algunas a color), 293 láminas
_c27 cm.
440 0 _aOn early netherlandish painting
_919212
500 _aX4
650 1 4 _aPintores flamencos
_vCompilación
_zHolanda
_919213
650 1 4 _aPinturas flamencas
_vCatálogos
_zHolanda
_919214
650 1 4 _aPintores holandeses
_919215
902 _aGFM
942 _2lcc
_cB
999 _c7437
_d7437